000 00665nam a22001817a 4500
005 20100723163427.0
010 _aENG-96734
020 _a9788178795140
_c300.00
035 _aEN-80267
037 _bDBAD/PUB
082 _a613.7
245 _aHealth and phisical education
_cedited and compiled by Dr. Sharad Chandra Mishra
260 _aNew Delhi
_bSports Publication
_c2009
270 _a7/26, Ground Floor, Darya Ganj
_bNew Delhi
_e110002
300 _a341p
_c22cm (pbk)
942 _2ddc
_cEN
_h613.7
_mHEA
999 _c37465
_d37465